Geología de la Hoja Laguna del Negro Francisco, región de Atacama

Gespeichert in:
Bibliographische Detailangaben
1. Verfasser: Mercado W., Margaret (autora)
Format: Buch
Sprache:Spanisch
Veröffentlicht: Santiago Servicio Nacional de Geología y Minería 1982
Schriftenreihe:Carta Geológica de Chile, 56
Schlagworte:
Tags: Tag hinzufügen
Keine Tags, Fügen Sie den ersten Tag hinzu!

MARC

LEADER 00000nam a2200000 a 4500
001 UCK1451
003 CL-VaPUC
008 041112e19820000CL |||||||||||||||||spa|d
082 0 4 |a 558.3  |b MER  |2 21 
100 |a Mercado W., Margaret  |e autora  |9 489351 
245 1 0 |a Geología de la Hoja Laguna del Negro Francisco, región de Atacama 
300 |a 73 p 
942 |c BK 
945 |d 20041112 00:00:00  |a cmena 
260 |a Santiago  |b Servicio Nacional de Geología y Minería  |c 1982 
500 |a Escala: 1:100.000 
500 |a Incluye 1 mapa 
650 7 |a MAPAS GEOLOGICOS  |2 CL-VaPUC  |9 362393 
650 0 |a Recursos naturales  |9 255232 
650 7 |a RECURSOS MINERALES  |2 CL-VaPUC  |9 351120 
651 0 |a Atacama   |9 319604 
583 |a last modification  |c 20041112 00:00:00  |k Rodrigo Vera 
490 0 |a Carta Geológica de Chile, 56 
999 |c 311420  |d 311418 
952 |0 0  |1 0  |4 0  |6 558_300000000000000_MER_1982  |7 0  |8 F  |9 380803  |a BIBING  |b BIBING  |d 2019-11-21  |i 4040511  |o 558.3 MER 1982  |p 4040511  |r 2025-01-20  |w 2019-11-21  |y BK_F  |k GEO